| 000 | 00585nam a2200181 i 4500 | ||
|---|---|---|---|
| 001 | 26293 | ||
| 003 | ES-MaACL | ||
| 005 | 20231103062527.0 | ||
| 007 | t| | ||
| 008 | 030108s1914 fr |||| |dfre d | ||
| 100 | 1 |
_aAulard, Alphonse. _923905 |
|
| 245 | 1 | 4 |
_aLes grands orateurs de la Révolution _b: Mirabeau, Vergniaud, Danton, Robespierre / _cpar Alphonse Aulard. |
| 260 |
_a[S.l. : _bs.n., _c1914] ( _fEvreuse Ch. Herissey) |
||
| 300 |
_a204 p. ; _c25 cm. |
||
| 651 | 4 |
_aFrancia- _xHistoria- _y1789-1799, Revolución _98685 |
|
| 852 |
_aES-MaACL _jF-8961 |
||
| 999 |
_c26293 _d26293 |
||